| 000 | 00772cab a2200253 4500 | ||
|---|---|---|---|
| 001 | WB3010-08 | ||
| 008 | 090401t1994 xxu||||| |||| 00| 0 eng d | ||
| 035 | _a(Sirsi) u80544 | ||
| 041 | _aeng | ||
| 245 | _aTimber windows | ||
| 260 | _c1994 | ||
| 350 | _a0 | ||
| 490 |
_aArchitects` Journal _v199(10) 9 March 1994, 6(1) |
||
| 520 | _aTimber windows use only one-eighth of the embodied energy of PVC-c windows, according to research by the Timber Research and Development Association. | ||
| 650 | _aENERGY CONSERVATION | ||
| 650 | _aENERGY EFFICIENCY | ||
| 650 | _aPVC-C WINDOWS | ||
| 650 | _aTIMBER FRAME WINDOWS | ||
| 650 | _aTRADA | ||
| 650 | _aU VALUES | ||
| 690 | _aBUILDING AND CONSTRUCTION-ENERGY CONSERVATION | ||
| 942 | _n0 | ||
| 948 | _c04/03/1997 | ||
| 999 |
_c50709 _d50709 |
||